000 00565nam a2200181 i 4500
001 61290
003 ES-MaACL
005 20230906164424.0
007 t|
008 031111s1924 sp ||||1| spa d
110 2 _aCruz Roja Española.
_93322
245 1 0 _aEstatutos de la Cruz Roja española aprobados por Real decreto de 16 de abril 1924.
250 _aEd. oficial de la Asamblea Suprema.
260 _aMadrid :
_bE. Catalá,
_c1924.
300 _a328 p. ;
_c19 cm.
610 2 4 _aCruz Roja Española-
_vEstatutos.
_9163824
852 _aES-MaACL
_jF-581
_bR.4644
999 _c61290
_d61290